00426nam a2200157Ia 45000010006000000050017000060080041000230410008000640820016000721000042000882450085001302600009002153000028002246500008002526540008002601408420260306164848.0260306t2006||||xx |||||||||||||| ||spa|| aESP a006.32bS23 aSánchez Camperos, Edgar NelsoneAUT 0aRedes neuronales:bconceptos fundamentales y aplicaciones a control automático c2006 a232 páginas :c24 cm. aGEN aCCC